000 00454nam a2200181Ia 4500
001 395
005 20260306140514.0
008 260306t2013||||xx |||||||||||||| ||spa||
041 _aESP
082 _a110
_bI69
100 _aIrizar, Liliana Beatriz
_eAUT
245 0 _aNociones fundamentales de metafísica Aristotélico - Tomista
260 _c2013
300 _a243 páginas :
_c24 cm.
650 _aGEN
654 _aCHU
942 _cLIB
_dJUS
_fJUS
_2ddc
_n
999 _c395
_d395